IEP Lyon : introduction aux sciences sociales : Howard Becker - Statistiques

Statistiques générales
  • Ce quiz a été pris 17 fois
  • Le résultat moyen est 11 sur 29
Statistiques - réponses
Questions Réponses % Correct
Becker est membre de l'École de... Chicago
91%
Pour lui comme pour Becker, il s'agit d'étudier les [...] entre les individus. Interactions
73%
Becker étudie pendant les années [...] soit la période transitoire entre la première et la deuxième école de (t'auras pas la réponse). 1940
55%
Comment nomme-t-on le paradigme mis en avant par cette école ? Un paradigme qui prend en compte la dimension socio-spatiale des villes et cherche à expliquer comment des communautés différentes vivent ensemble dans un même espace (la ville) à travers son organisation spatiale. Une approche par le milieu, le paradigme... Écologique
55%
Par quel philosophe et sociologue Becker est-il particulièrement influencé (une double influence) ? Georg Simmel
55%
Quel est son ouvrage phare ? Outsiders
55%
En quelle année paraît-il ? 1963
45%
Il pense que la sociologie doit partir de l’étude des « plus petits atomes sociaux » (les individus). En effet, d’après lui l’individu est en permanence déterminé dans son comportement par le fait qu’il est entouré en société par d’autres individus, dans ce que ce sociologue appelle des « [...] (deux mots) » dans lequel l’individu est à la fois influent et influencé (famille, communauté religieuse, professionnelle…). Cercles sociaux
45%
S'intéressant à la manière dont des groupes différents définissent différemment une même situation, il dresse sa définition de la déviance. -Un acte défini comme déviant par la société grâce au travail « d’[...] (trois mots, pluriel) » (par exemple la police, les journalistes… qui définissent la norme et la marge). Entrepreneurs de morale
45%
Pour Hughes tout travail est constitué d'une part honorable (socialement) et une part moins honorable que chacun cherche à déléguer à quelqu'un d'autre. Comme s'appelle cette part (deux mots) ? Le dirty work
45%
Par quelle école de pensée représentée notamment par George Mead Howard Becker est-il influencé ? Cette école affirme vouloir se détacher de la philosophie trop spéculative pour obtenir des connaissances de manière inductive. C'est la pensée... Pragmatiste
45%
Nom de la revue crée par cette école en 1895 ? American Journal of Sociology
36%
Nommez l'un des deux sociologues à l'origine de ce paradigme (seulement les noms de familles). Burgess/Park
36%
Becker affirme cela : « la déviance par rapport à un groupe peut être la [...] par rapport à un autre groupe » Conformité
36%
Il se situe aussi contre les [...] qui perçoivent la déviance comme une pathologie sociale. Criminologues
36%
Ce sociologue s'inscrit dans la philosophie des sciences de Wilhelm Dilthey qui distingue les sciences de la nature et les sciences de l'... Esprit
36%
-Une opération d'[...] de l’acte déviant dans le cadre d’une interaction sociale. Étiquetage
36%
Il y suit les enseignements de Everett Hughes qui prône une méthode inductive, compréhensive notamment par l'observation... Participante
36%
Cette école se forme à une époque de forte immigration européenne dans sa ville ainsi que de développement économique sociale et civique appelée la... (deux mots). Progressive era
36%
Dans cette ouvrage sur la déviance Becker se situe en opposition à un certain sociologue fonctionnaliste qui veut faire de la déviance une dysfonction sociale. Lequel ? Robert Merton
36%
Ces chercheurs là veulent produire des connaissances par méthode inductive. Ils parlent de connaissances... (pluriel). Positives
27%
Becker devient rédacteur en chef d'une revue en 1961. Laquelle ? Social Problems
27%
En prenant pour objet d'étude la délinquance, l'immigration, l'intégration sociale... Cette école est une précurseuse de la sociologie... Urbaine
27%
Ce livre devient donc une sociologie des [...] : il montre que ces artistes marginalisés développent une sous-culture qui oppose la musique commerciale rentable à la musique des esthètes, du véritable artiste que seuls ses congénères peuvent comprendre. Avant-gardes
18%
Processus d’apprentissage social qui passe par la redéfinition de sa propre identité et de sa culture (deux mots). -> dans le cas des déviants : processus par lequel ils apprennent leur activité qualifiée de délinquante ou criminelle et apprennent à en avoir une vision positive. Carrière morale
18%
... méprisé par le monde [...] qui est méprisé en retour par le monde des artistes. Conventionnel
18%
Dans son étude de la différence de représentations de mêmes situations par des groupes différents, il distingue le monde des artistes qu'il appelle... Demi-monde
18%
Il s'intéresse aux relations entre les groupe déviants et la société dite... Légitime
18%
Lequel de ses professeurs est à l'origine de la notion d'interactionnisme symbolique ? Herbert Blumer
9%
Aucun quiz correspondant
Distribution des résultats
% des personnes avec chaque résultat
Percentile par nombre de réponses
Votre historique - résultats
Vous n’avez pas pris ce quiz